<?xml version="1.0" encoding="UTF-8"?>
<marc:record xmlns:marc="http://www.loc.gov/MARC21/slim">
   <marc:leader>00000nam a2200000 a 4500</marc:leader>
   <marc:datafield ind1="1" ind2=" " tag="100">
      <marc:subfield code="a">Clark, Mary Higgins</marc:subfield>
      <marc:subfield code="4">ctb</marc:subfield>
      <marc:subfield code="e">Mitwirkende/-r</marc:subfield>
   </marc:datafield>
   <marc:datafield ind1="1" ind2=" " tag="100">
      <marc:subfield code="a">Postel, Sabine</marc:subfield>
      <marc:subfield code="4">ctb</marc:subfield>
      <marc:subfield code="e">Mitwirkende/-r</marc:subfield>
   </marc:datafield>
   <marc:datafield ind1="1" ind2=" " tag="100">
      <marc:subfield code="a">Prangenberg, Klaus</marc:subfield>
      <marc:subfield code="4">ctb</marc:subfield>
      <marc:subfield code="e">Mitwirkende/-r</marc:subfield>
   </marc:datafield>
   <marc:datafield ind1=" " ind2=" " tag="653">
      <marc:subfield code="a">Thriller</marc:subfield>
   </marc:datafield>
   <marc:datafield ind1=" " ind2=" " tag="653">
      <marc:subfield code="a">Spionage</marc:subfield>
   </marc:datafield>
   <marc:datafield ind1=" " ind2=" " tag="653">
      <marc:subfield code="a">CD</marc:subfield>
   </marc:datafield>
   <marc:datafield ind1="0" ind2="0" tag="245">
      <marc:subfield code="a">Sabine Postel liest Kurzer Prozeß von Mary Higgins Clark</marc:subfield>
   </marc:datafield>
   <marc:datafield ind1=" " ind2="1" tag="264">
      <marc:subfield code="a">München</marc:subfield>
      <marc:subfield code="b">Der Hörverl.</marc:subfield>
      <marc:subfield code="c">2008</marc:subfield>
   </marc:datafield>
   <marc:datafield ind1="1" ind2=" " tag="490">
      <marc:subfield code="a">7 schlaflose Nächte</marc:subfield>
   </marc:datafield>
   <marc:datafield ind1="1" ind2=" " tag="520">
      <marc:subfield code="a">Angaben aus der Verlagsmeldung

7 schlaflose Nächte : Hochspannung mit TV-Stars. Vollständige Lesungen / von Andrea Camilleri, Daphne DuMaurier, Mary Higgins Clark, Marc Levy, Jo Nesbø, Anne Perry, Ruth Rendell

Sieben atemberaubende Krimis von Top-Autoren gelesen von den TV-Stars. Enthält: „Die Ermittlungen des Commissario Collura“ von Andrea Camilleri, gelesen von Miroslav Nemec; „Kurzer Prozeß“ von Mary Higgins Clark, gelesen von Sabine Postel; „Um ein Haar“ von Marc Levy, gelesen von Dietmar Bär; „Zum Tode erwacht“ von Daphne Du Maurier, gelesen von Udo Wachtveitl; „Serum“ von Jo Nesbø, gelesen von Axel Milberg; „Digbys erster Fall“ von Anne Perry, gelesen von Eva Mattes; „Die Maus in der Ecke“ von Ruth Rendell, gelesen von Andrea Sawatzki; Vollständige Lesungen, 7 CD
</marc:subfield>
   </marc:datafield>
   <marc:datafield ind1=" " ind2=" " tag="020">
      <marc:subfield code="a">9783899408348</marc:subfield>
      <marc:subfield code="9">9783899408348</marc:subfield>
   </marc:datafield>
   <marc:datafield ind1=" " ind2=" " tag="041">
      <marc:subfield code="a">ger</marc:subfield>
   </marc:datafield>
   <marc:datafield ind1=" " ind2=" " tag="300">
      <marc:subfield code="a">1 CD</marc:subfield>
   </marc:datafield>
</marc:record>
